000 00759nam a22002297a 4500
001 0000001279
003 PPM
005 20260429122844.0
008 260429b ||||| |||| 00| 0 eng d
020 _a0070124124
_cRM 148.93
_qHardback
035 _a0000001279
040 _bEng
_cPusat Penyelidikan Mineral, Jabatan Mineral Dan Geosains Malaysia
_dPPM
_eRDA
082 0 0 _219
_a635.9
_bCON 1977
100 1 _aConover, Herbert S.
_eauthor
245 1 0 _aGrounds Maintenance Handbook /
_cby Herbert S. Conover.
250 _a3rd.ed.
260 1 _aNew York :
_bMcGraw-Hill Book Company ,
_c1977
300 0 0 _aviii, 631 pages .:
_btable, illustrations .;
_c23 cm
504 _aIncludes indexs (p.: 619 -631)
650 1 0 _aGrounds maintenance.
942 _2ddc
_cBK
999 _c27239
_d27239